[Event "FIDE-Wch k.o."]
[Site "Las Vegas"]
[Date "1999.08.06"]
[Round "3.1"]
[White "Topalov, Veselin"]
[Black "Psakhis, Lev"]
[Result "1-0"]
[WhiteElo "2690"]
[BlackElo "2581"]
[Annotator "Stohl,I"]
[PlyCount "81"]
[EventDate "1999.07.31"]
[EventType "k.o."]
[EventRounds "7"]
[EventCountry "USA"]
[SourceTitle "CBM 072"]
[Source "ChessBase"]
[SourceDate "1999.10.01"]
[SourceVersion "1"]
[SourceVersionDate "1999.10.01"]
[SourceQuality "1"]

1. Nf3 Nf6 2. c4 c5 3. g3 b6 4. Bg2 Bb7 5. O-O g6 6. d4 cxd4 7. Qxd4 Bg7 8. Nc3
d6 9. Rd1 Nbd7 10. Be3 Rc8 11. Rac1 O-O 12. Qh4 a6 13. b3 Rc7 (13... Re8 14.
Bh3 Qc7 (14... Rb8 15. Nd5 h5 16. Ng5 Ba8 17. Bd4 b5 18. e4 bxc4 19. bxc4 e5
20. Be3 Nxd5 21. cxd5 Bf6 22. g4 $1 $40 {1-0 Delchev,A-Kutuzovic,B/Nova Gorica
1997/CBM 56 ext (29)}) (14... Rc7 {-13...Rc7}) 15. Bh6 Bxh6 16. Qxh6 Bxf3 17.
exf3 Qb7 18. Rd4 Rc5 19. Bxd7 Qxd7 20. Rh4 Rh5 21. Rxh5 Nxh5 22. Nd5 b5 23. Re1
bxc4 24. bxc4 e6 25. Qxh5 exd5 26. Rxe8+ Qxe8 27. Qxd5 $14 {Fancsy,I-Dudas,J/
Budapest/1994/}) 14. Bh3 $1 $146 {[%cal Yd8a8,Ga8h1,Rh3d7][%mdl 8] This new
move creates fresh problems for Black in a position, which was until now
considered completely equal. White sidesteps his B, thus avoiding it's
possible exchange and the pressure on the long /^ after Qa8. On h3 the B
creates threats of it's own.} ({A less enterprising alternative is} 14. Bh6 Qa8
15. Bxg7 Kxg7 16. Qd4 b5 $1 (16... Rfc8 $143 $6 17. Qe3 Re8 18. Bh3 b5 19. cxb5
Bxf3 20. exf3 axb5 21. Nxb5 Rxc1 22. Rxc1 Nd5 23. Qd4+ N7f6 24. a4 h5 25. f4 e5
26. fxe5 dxe5 27. Qa7 $18 {Kolbus,D-Vadasz,L/Budapest/1996/}) 17. cxb5 axb5 18.
Nxb5 Rxc1 19. Rxc1 Qxa2 20. Nc3 Qa3 21. Rb1 Rc8 22. Nd2 e5 23. Qa4 Qxa4 24.
Nxa4 Bxg2 25. Kxg2 d5 26. Nf3 d4 27. b4 Nd5 28. Rb2 f6 29. h4 Kf7 30. Rd2 Nxb4
$6 31. Nxd4 $1 $11 {Topalov,V-Kramnik,V/Wijk aan Zee 5'/1999/}) ({Even less
promising is} 14. g4 h6 $1 15. h3 g5 16. Qg3 b5 17. h4 bxc4 18. hxg5 hxg5 19.
b4 Qa8 20. Bxg5 Re8 21. Be3 Nf8 22. a4 Ne4 23. Nxe4 Bxe4 24. Bd4 Bxf3 25. Bxf3
Qb8 26. Bd5 Qxb4 27. Bxg7 Kxg7 28. Qf4 e6 29. Be4 c3 30. Qxd6 Rc4 31. f3 Qxd6
32. Rxd6 a5 33. Bd3 {1/2,Kramnik,V-Karpov,A/Dos Hermanas/1999/}) 14... Qb8 $6 {
Although Black gets in the typical hedgehog b6-b5 break, this causes him more
pain than joy.} (14... Re8 {This position arose with 13...Re8, so technically
13.Bh3! is a novelty.} 15. Bh6 (15. Ng5 $6 h6 16. Nge4 Nxe4 17. Nxe4 g5 18.
Nxg5 hxg5 19. Bxg5 Nf8 20. Bf5 Rc5 21. g4 Bc8 22. b4 Rxf5 23. gxf5 Bxf5 $17 {
Milocco,F-Adler,J/Bled/1992/}) 15... Rc5 $5 ({A very similar type of position 
(compared to our game) arises after} 15... Bxf3 16. exf3 Rc5 17. Bxg7 Kxg7 18.
Qd4 h5 19. Na4 Ne5 20. Bg2 Ra5 21. f4 Ned7 22. Nc3 Rc5 23. b4 Rc7 24. Nd5 e5
25. Qb2 Nxd5 26. Rxd5 Qf6 27. Qd2 $16 {Wojtkiewicz,A-Palkovi,J/Stara Zagora zt/
1990/}) (15... Bh8 16. Ng5 Nf8 17. Nd5 Bxd5 18. cxd5 b5 19. Qf4 Rxc1 (19... Bg7
$5 {leads to a similar position as in Arsovic-Almasi.}) 20. Qxc1 Qa5 21. Qc2
Qb4 22. Nf3 Qc5 23. Qd3 b4 24. Be3 Qb5 25. Ne1 Rb8 26. Bg2 a5 27. Qxb5 Rxb5 28.
h3 Bg7 29. Nc2 Rb7 30. Nd4 $16 {Serebro,A-Izhnin,A/Kherson/1990/}) 16. Ng5 b5
17. Nd5 Bxd5 18. cxd5 Rxc1 19. Rxc1 Bxh6 20. Qxh6 Nf8 21. b4 Qb6 22. Rd1 a5
$132 {Arsovic,Z-Almasi,Z/Budapest/1991/}) (14... Qa8 $2 15. Bxd7 Rxd7 16. Na4
$18) 15. Bh6 $1 (15. Bxd7 $2 Rxd7 16. Bxb6 $2 Bxf3 $19) 15... Bxf3 (15... Bxh6
16. Qxh6 Bxf3 17. exf3 Rc5 18. Qe3 $14 (18. Bxd7 $5 $36 {[%cal Rc3d5] /\Nd5}))
16. Bxg7 Kxg7 17. exf3 Ne5 (17... b5 18. cxb5 axb5 19. Qb4 $16) 18. Bg2 b5 (
18... Qb7 19. Nd5 $5 Nxd5 20. f4 $1 $16) 19. cxb5 axb5 20. Qb4 $1 $36 {[%csl
Rb5][%mdl 16] ><b5} Rfc8 ({Black's best chance was} 20... Qa8 $142 21. Qxb5 $5
(21. f4 Nf3+ 22. Kh1 Ng4 23. Rf1 Ngxh2 24. Nxb5 Rcc8 $5 $15) (21. Nxb5 $2 Rxc1
22. Rxc1 Nd3 $19) 21... Nxf3+ 22. Kh1 Rfc8 (22... Ng4 $2 23. Qe2 $16) 23. Qe2
Rxc3 24. Bxf3 Qa7 $14 {<=>[+]}) 21. f4 Ned7 22. Ne2 Rc2 (22... Rxc1 $143 23.
Rxc1 Rxc1+ 24. Nxc1 Qb6 25. Bf1 $16) 23. Rxc2 Rxc2 24. Rd2 Rc5 (24... Rxd2 25.
Qxd2 {[%csl Rb5][%cal Yd2b4,Ye2c3] /\Qb4,Nc3} b4 $6 26. Nd4 Qb6 27. Nc6 $16)
25. Bf3 Qb6 (25... Qc7 26. Nd4 $16) 26. a3 Nb8 27. Qd4 {/\b4} Qc7 (27... Nc6
$142 $5 28. Qe3 b4 29. a4 $36) 28. Qb2 $1 $16 {/\b4,Nd4,Be2} b4 $2 {This loses
outright, although Black's position was already unpleasant.} (28... Kg8 29. b4
Rc4 30. Nd4 $16) (28... Nbd7 $2 29. b4 Rc4 30. Bd5 $18) 29. axb4 Rb5 30. Nc3
$18 Rxb4 31. Nd5 Qa5 32. Re2 $5 (32. Nxb4 Qxb4 33. Rd4 $18 {would also suffice,
but Topalov's move is even more incisive.}) 32... Rb5 (32... e5 33. Nxb4 Qxb4
34. fxe5 $18) 33. b4 Qd8 34. Nxe7 d5 (34... Nbd7 35. Bc6 Rh5 36. g4 $18) 35.
Re5 Nbd7 ({Somewhat better was} 35... Kf8 $5 36. Nxd5 Nxd5 37. Rxd5 Rxd5 38.
Bxd5 Qxd5 39. Qh8+ Ke7 40. Qxb8 Qd1+ 41. Kg2 Qd5+ 42. f3 Qa2+ 43. Kh3 Qe6+ 44.
g4 $18) 36. Rxd5 Rb6 37. Rxd7 $1 $18 {The decisive simplification.} Qxd7 38.
Nd5 Qd8 (38... Rd6 39. Nxf6 Rxf6 40. g4 $18 {and the pin will cost Black a
whole R.}) 39. Nxb6 (39. g4 $6 Kg8) 39... Qxb6 40. b5 Kg8 41. Bc6 (41. Bc6 Ng4
(41... Nh5 42. Qe5 {/\Qe3+-}) 42. h3 Nh6 43. Bd7 $1 $18 {פh6,/\Qe5-e3}) 1-0

[Event "EU-Cup 15th final"]
[Site "Bugojno"]
[Date "1999.10.30"]
[Round "2"]
[White "Golod, Vitali"]
[Black "Topalov, Veselin"]
[Result "0-1"]
[WhiteElo "2568"]
[BlackElo "2690"]
[Annotator "Golod,V"]
[PlyCount "72"]
[EventDate "1999.10.29"]
[EventType "team-k.o."]
[EventRounds "3"]
[EventCountry "BIH"]
[SourceTitle "EXT 2020"]
[Source "ChessBase"]
[SourceDate "2019.10.17"]
[SourceVersion "1"]
[SourceVersionDate "2019.10.17"]
[SourceQuality "1"]
[WhiteTeam "Beer-Sheva Chess Club"]
[BlackTeam "Sarajevo Bosna"]
[WhiteTeamCountry "ISR"]
[BlackTeamCountry "BIH"]

1. d4 {Alterman} Nf6 2. Nf3 c5 3. d5 b5 4. Bg5 Ne4 5. Qd3 $6 {This move is
worse than:} (5. Bh4 $5 {Is the main line.}) ({and} 5. Bf4 $5) (5. Nbd2 $2 {
Alterman} Nxg5 6. Nxg5 e6 7. Ndf3 Be7 8. Ne4 Bb7 9. e3 Bxd5 10. Nc3 Qa5 11.
Bxb5 Bf6 12. Qd3 Bxc3+ (12... Qb4 $6 13. O-O Bxf3 (13... Bxc3 14. bxc3 $132 {
1-0 Palat,A-Hobuss,W/Open, Geneva SUI 1997 (38)}) 14. gxf3 a6 {-+}) 13. bxc3
Bxf3 14. gxf3 a6 15. Bc4 d5 {-+}) 5... Nxg5 6. Nxg5 g6 {N '=!?' Alterman.} ({
Good enough:} 6... e6 $5 7. h4 (7. Nf3 $2 c4 8. Qd1 Qb6 9. e3 Bb7 {=+ Garcia
Paolicchi,R-Fernandes,A/Linares, 1995(0-1)(46)} (9... Bb7 10. dxe6 fxe6 11. Be2
Be7 12. O-O O-O {=+ 0-1 Garcia Paolicchi,R-Fernandes,A/Linares zt 1995 (46)}))
(7. Nxf7 Kxf7 (7... Qf6 8. Nxh8 (8. dxe6 Qxb2 9. exd7+ Bxd7 (9... Nxd7 10. Nxh8
Qxa1) 10. Nxh8 Qxa1) 8... Qxb2 9. dxe6 Qxa1 10. exd7+ (10. c3 g6 11. exd7+ Bxd7
$132) 10... Bxd7 11. c4 g6 12. Nxg6 {~=}) 8. dxe6+ Ke7 (8... Ke8 9. exd7+ Bxd7
10. Qe4+ {+-}) 9. exd7 Bb7 10. Qxb5 Qb6 {-/+}) 7... c4 (7... Qf6 $143 8. Nc3 (
8. c3 $5) 8... c4 9. Qd2 Bb4 10. Rh3 O-O $132 {0-1 Arkell,K-Steinbacher,M/
Copenhagen op(2) 1994 (33)}) 8. Qf3 (8. Qe3 $143 Bb7 (8... Qf6 9. Nc3 Bb4 (9...
b4 10. Nge4 Qe5 11. f4 Qh5 12. Nb5 Na6 13. O-O-O {+/-}) 10. O-O-O Bxc3 11. bxc3
O-O 12. Qe4 $1 (12. Rh3 $6 exd5 (12... Bb7 13. Rf3 Qh6 14. dxe6 dxe6 15. Rxf7
$1 {+- 1-0 Hermlin,A-Nokka,R/Viikonlopputurnaus Helsinki 1992 (21)}) 13. Rxd5
h6 14. Ne4 Qb6 $132) 12... Qg6 13. dxe6 Qxe4 14. exf7+ Rxf7 15. Nxe4 Nc6 16. g3
{+/-}) 9. Nc3 h6 10. dxe6 (10. Nge4 Qa5 11. dxe6 dxe6 12. Nc5 Bc6 {=+}) 10...
fxe6 (10... dxe6 $5) (10... dxe6 11. Nf3 a6 {=+}) 11. Nge4 Bb4 {'=/+!?'
Alterman.} (11... Qa5 $5 {=+}) 12. Qf3 $6 (12. O-O-O $5 {~}) (12. O-O-O $5 $132
) 12... Bxe4 13. Qxe4 Bxc3+ 14. bxc3 Qf6 {=+ Martin,B-Sarfati,J/NZD-ch,1990(1/
2-1/2)(46)}) 8... Qf6 9. Nc3 Bb7 $5 (9... Bb4 10. O-O-O Qxf3 11. gxf3 {Alterman
} h6 12. Nge4 f5 13. a3 Be7 14. Ng3 a6 $132 {1-0 Karner,H-Katalymov Boris N/
olm URS Moscow RUS 1972 (41)}) 10. O-O-O Qxf3 11. Nxf3 a6 {= Marantz,M-Pasman,
M/ISR-ch,1984 (1/2-1/2) (31)} (11... a6 12. e3 Bb4 13. dxe6 dxe6 14. a4 Nd7 {
=+ 1/2-1/2 Marantz,M-Pasman,M/ISR 1984 (31)})) ({Dubious:} 6... h6 $6 {in view
of:} 7. Nh7 Qa5+ (7... c4 8. Qe4 {+=} (8. Qe4 Bb7 9. Nxf8 Kxf8 10. Qd4 Qc7 11.
e4 {+= 0-1 Senkiewicz,M-Vucic,M/New York MCC 1991 (55)})) 8. c3 d6 9. Nxf8 Kxf8
10. e4 {+= Wells,P-Buckmire,R/Oakham,1986(1-0)(26)} (10. e4 {Alterman} a6 11.
Nd2 {+= 1-0 Wells,P-Buckmire,R/Oakham YM 1986 (26)})) 7. e4 $2 {Strategical
blunder. Besides,white has two principales moves: '!?' Alterman.} (7. Qc3 $5 {
(Vaganian,R)} f6 8. Nf3 {/\e4+/=/=} (8. Ne4 {Alterman} d6 9. e3 a6 $132)) ({and
} 7. Qf3 $5 f6 $140 (7... f5 $2 8. Qc3 Rg8 9. Qxc5 e6 10. Qe3 {+/=/+/-}) 8. Ne6
$1 Qa5+ (8... dxe6 $2 9. dxe6 Qb6 (9... Bh6 $2 10. Qxa8 $140 Bc1 $2 11. Qxb8
Bxb2 12. Qxb5+ {+-}) 10. Qxa8 Nc6 11. Nc3 {+/-}) 9. c3 Bb7 (9... Bh6 $2 10. d6
{+/-}) (9... Na6 10. d6 Rb8 11. Nxf8 Rxf8 12. dxe7 Kxe7 13. Nd2 {+=}) 10. Nxf8
Kxf8 11. e4 {+=}) ({Also badly:} 7. Qxb5 $2 e6 $140 (7... Na6 {Alterman} 8. Qc4
Bh6 (8... h6 9. Qc3 Rg8 10. Ne4 Bg7 11. Qa3 {+=}) 9. h4 (9. Ne4 Rb8 10. b3 Bg7
11. c3 (11. Nec3 Nb4 12. Kd1 Bd4 $1 {-+}) 11... Nb4 12. cxb4 Bxa1 13. Nxc5 d6
14. Nd3 Qb6 15. Nd2 Ba6 16. Qc1 Bg7 17. Nc4 $132) (9. Nf3 Bg7 10. c3 (10. Nc3
Rb8 11. Rb1 Qa5 12. Kd2 $8 Nc7 (12... Rb4 13. Qd3 Rd4 14. Nxd4 cxd4 15. Qc4 Bb7
16. e3 dxc3+ 17. bxc3 {+-}) 13. a3 Nxd5 14. Qxd5 Rxb2 {-/+}) 10... Rb8 11. Nbd2
(11. b3 Nb4 12. Kd1 (12. cxb4 Bxa1 {-/+}) 12... Qc7 13. e3 Ba6 14. Qh4 Bxf1 15.
Rxf1 Nxd5 {-/+}) 11... Rxb2 12. e4 Qa5 {-/+}) 9... Rb8 10. b3 Bg7 11. c3 h6 (
11... Nb4 12. Qf4 O-O 13. Qxb8 Nc2+ 14. Kd1 Nxa1 15. Qxa7 {+/-}) 12. Ne4 (12.
Nf3 Nb4 {-/+}) 12... Nb4 13. cxb4 Bxa1 14. Nxc5 d6 15. Nd3 Qb6 16. Nd2 Ba6 17.
Qc1 Bg7 18. Nc4 $132) (7... Bg7 8. c3 Na6 9. Qa4 (9. e4 Rb8 10. Qa4 Qb6 11. b3
Nb4 12. Kd1 c4 13. Nf3 (13. Bxc4 Qxf2 {-/+}) 13... Qxf2 {-/+}) 9... Rb8 10. Qc2
Qb6 11. b3 Nb4 12. Qd2 Bb7 13. e4 O-O {~=}) 8. Ne4 exd5 9. Nxc5 {in view of:}
a6 10. Qb4 $8 Nc6 11. Qa3 d4 $36 (11... Qb6 $2 12. Qe3+ Be7 13. Nd3 Qxe3 (13...
d4 $5) 14. fxe3 {+=})) 7... Bg7 8. c3 ({Very dangerously:} 8. Qxb5 {because of:
} e6 9. Nf3 exd5 10. exd5 O-O $36) 8... O-O 9. Be2 {'=/+?!' Alterman.} ({
Again badly:} 9. Qxb5 {because of:} e6 $36 (9... e6 {Alterman} 10. Nf3 exd5 11.
exd5 Re8+ 12. Kd1 {~=} (12. Be2 Ba6 {-+})) (9... Na6 10. Qa4 Nc7 (10... Qb6 11.
Nd2 Rb8 12. Nc4 {+/-}) 11. Nf3 d6 12. Nbd2 e6 13. dxe6 fxe6 14. Bd3 d5 15. O-O
{+=})) 9... e6 10. Nf3 exd5 (10... c4 {=+ Alterman}) 11. Qxd5 (11. exd5 b4 {=+}
(11... Re8 {Alterman} 12. O-O d6 {=+} 13. Qxb5 Ba6 {-+})) 11... Qb6 $1 {=+} 12.
Nbd2 (12. Qxa8 $2 {Alterman} Bb7 13. Qxb7 Qxb7 {-/+}) (12. O-O {Alterman} Bb7
13. Qd3 c4 14. Qc2 Re8 15. Nfd2 d5 16. a4 a6 17. axb5 (17. Bf3 d4 (17... dxe4
18. Bxe4 Nc6 {=+}) 18. cxd4 Qxd4 19. axb5 Qxb2 (19... axb5 20. Rxa8 Bxa8 21.
Nc3 b4 {=+} (21... b4 22. Nd5 Bxd5 (22... c3 23. Nc7 $132) 23. exd5 Rc8 {=+}))
20. Qxb2 Bxb2 21. Ra2 c3 22. e5 Bxf3 23. Nxf3 a5 {-/+}) 17... axb5 18. Rxa8
Bxa8 19. Bf3 dxe4 20. Nxe4 Nd7 {=+}) 12... Bb7 13. Qb3 c4 $1 14. Qd1 ({
Differently after:} 14. Qc2 $2 Re8 {'=/ +' Alterman.} 15. O-O $140 d5 {black
has a material and positional advantage.}) (14. Qc2 {=+ Alterman}) 14... d6 $1
{'!?' Alterman. Alterman: 'Black do not change a pawn d on e calculating
hereafter to attack it.'} (14... Re8 {=+ Alterman}) (14... d5 {Alterman} 15.
exd5 Bxd5 16. O-O Nc6 {=+}) 15. a4 ({Also after:} 15. O-O Nd7 {with the idea
Nc5,Rfe8 black has a big positional advantage.}) 15... a6 16. axb5 axb5 17.
Rxa8 Bxa8 18. O-O Nd7 19. Re1 ({Badly:} 19. b3 {in view of:} Bxc3 20. bxc4 $140
b4 {-/+}) ({Apparently better is:} 19. Qb1 {/\Bd1-c2(><Pe4)}) 19... Nc5 20. Bf1
Re8 21. Qc2 $6 ({Slightly better is:} 21. Qb1) 21... h6 {'-/+' Alterman.} ({
In my opinion slightly better is:} 21... h5) 22. g3 (22. Nd4 $2 d5) (22. Re3 {
Alterman} d5 23. exd5 Rxe3 24. fxe3 Bxd5 25. Nd4 Qb7 {-/+}) 22... Bb7 23. Qb1 (
23. Bg2 {Alterman} Nd3 24. Re2 f5 {-/+}) 23... h5 {-/+} 24. h4 (24. Bg2 {
Alterman} Nd3 25. Re2 d5 {-/+}) 24... Qc6 25. Bg2 Nd3 (25... Nxe4 $2 {is
refuted by:} 26. Ng5 d5 27. Ndxe4 dxe4 28. Bxe4 Qd7 29. Bxb7 Rxe1+ 30. Qxe1
Qxb7 31. Qe8+ Bf8 {=}) 26. Rf1 $6 ({It is necessary:} 26. Re2 b4 {-/+} (26...
f5 $6 27. Ng5 {=+})) (26. Re3 {Alterman} Bh6 27. Rxd3 cxd3 28. Qxd3 {-/+})
26... d5 27. b3 {'-+?' Alterman. Alterman: 'After this move the game is over.'}
({Worse is:} 27. exd5 Qxd5 28. Ne1 $140 {?} Rxe1 29. Bxd5 Rxb1 30. Rxb1 Bxd5 {
-+}) ({White had good chance to try to salvage the game:} 27. Ne1 $1 {Alterman}
dxe4 (27... Nc5 28. exd5 Qd6 29. Ne4 Nxe4 30. Bxe4 Bxd5 31. Bxd5 Qxd5 32. Ng2 {
=+}) (27... Ne5 28. exd5 Qd7 29. Nef3 {=+}) (27... Nxe1 28. exd5 (28. Rxe1 d4 {
-/+}) 28... Qd7 29. Rxe1 {=}) 28. Nxe4 Rxe4 (28... b4 29. Nxd3 cxd3 30. cxb4
Rxe4 31. Qxd3 Bxb2 32. Bxe4 Qxe4 33. Qxe4 Bxe4 {=}) 29. Nxd3 cxd3 30. Qxd3 Qe8
31. Bxe4 Bxe4 32. Re1 Bxd3 33. Rxe8+ Kh7 {-/+ To realize an advantage is
difficult (if at all possible).}) 27... Qc5 $5 ({Also good enough:} 27... dxe4
$5 28. bxc4 $140 {?} (28. Ng5 Bxc3 {-/+}) 28... Bxc3 $1 (28... bxc4 $5 {-/+}) (
28... exf3 $2 29. Bxf3 Qd7 30. Bxb7 Nc5 31. Bd5 bxc4 32. Bxc4 Qxd2 33. Qxg6 Ne6
34. Qxh5 Qxc3 {=/+/-/+}) 29. Qc2 Qf6 30. Ng5 Bxd2 31. Qxd2 bxc4 {-+}) 28. exd5
Bxd5 $1 {-+ Full domination.} (28... Re2 $2 29. bxc4 Rxf2 (29... Nxf2 $2 30.
Qxb5 {+/-}) 30. Rxf2 $1 (30. Ne4 $2 Rxf1+ 31. Kxf1 Qe3 {~}) 30... Qxf2+ (30...
Nxf2 $2 31. Qxb5 {+/-}) 31. Kh1 Qe3 {~=}) 29. bxc4 bxc4 30. Ng5 ({Also loses:} 
30. Nd4 Bxg2 31. Kxg2 Bxd4 32. cxd4 Qxd4 {-+}) 30... Bxg2 31. Kxg2 Qd5+ $1 32.
Ngf3 ({After:} 32. Kh2 {strongly:} Bxc3 33. Qc2 $140 Re2 $1 34. Qxc3 Nxf2 {-+})
32... Bxc3 33. Qc2 Bxd2 34. Qxd2 Re5 $1 35. Ra1 (35. Rb1 $144 Rf5 36. Rb8+ Kh7
37. Qe3 Ne5 {-+}) 35... Rf5 36. Qe3 Ne5 0-1

[Event "EU-chT (Men) 12th"]
[Site "Batumi"]
[Date "1999.11.29"]
[Round "1.1"]
[White "Topalov, Veselin"]
[Black "Rozentalis, Eduardas"]
[Result "1-0"]
[WhiteElo "2690"]
[BlackElo "2586"]
[Annotator "Rozentalis,E"]
[PlyCount "47"]
[EventDate "1999.11.06"]
[EventType "team-swiss"]
[EventRounds "9"]
[EventCountry "GEO"]
[SourceTitle "CBM 074"]
[Source "ChessBase"]
[SourceDate "2000.02.01"]
[SourceVersion "1"]
[SourceVersionDate "2000.02.01"]
[SourceQuality "1"]
[WhiteTeam "Bulgaria"]
[BlackTeam "Lithuania"]
[WhiteTeamCountry "BUL"]
[BlackTeamCountry "LTU"]

1. c4 e6 2. Nc3 Nf6 3. e4 d5 4. e5 Ne4 5. Nf3 Be7 6. h4 $5 $146 {[%mdl 8] An
interesting novelty. White prepares attack on king side in case of short
castle and also prevents Ne4-g5.} Nxc3 ({After the game Topalov suggested:} 
6... Nc6 $142 7. d4 f6 8. Bd3 $14) 7. dxc3 dxc4 8. Qa4+ Bd7 9. Qxc4 Bc6 10. Qg4
Bxf3 11. gxf3 (11. Qxf3 Qd5 {and black is only slightly worse in the endgame.})
11... Bf8 $4 {Decisive mistake: black looses too much time. Correct was:} (
11... g6 12. h5 Qd5 $1 {and "Black is OK"}) 12. f4 Nd7 13. Be3 c6 14. O-O-O {
Due to the mistake on the 11th move, white has now big development advantage.}
Qa5 (14... h5 15. Qh3 g6 (15... Qc7 16. f5 $36) 16. Bc4 $1 {following with the
sacrifice on e6.}) 15. f5 $3 (15. Kb1 O-O-O $11) 15... Qxa2 (15... Nxe5 16. Qe4
exf5 17. Qxf5 $40) 16. fxe6 Qxe6 (16... Nxe5 17. exf7+ Qxf7 18. Qe4) 17. Qf4 $1
$18 Rd8 {Black was loosing also after:} (17... Qxe5 18. Bh3) (17... Nxe5 18.
Bh3 Qf6 19. Rhe1) 18. Bc4 Qe7 19. Rhe1 h5 (19... Nxe5 20. Bd4 $18) 20. Qg3 (20.
e6 fxe6 21. Bxe6 $18) 20... Nxe5 21. Rxd8+ Kxd8 22. Bf4 (22. Bg5 $2 f6 23. Rxe5
Qd6 $13) 22... Nxc4 23. Rxe7 Kxe7 (23... Bxe7 24. Qd3+) 24. Qd3 $1 1-0

[Event "EU-chT (Men) 12th"]
[Site "Batumi"]
[Date "1999.12.01"]
[Round "3.1"]
[White "Topalov, Veselin"]
[Black "Beliavsky, Alexander G"]
[Result "1-0"]
[WhiteElo "2690"]
[BlackElo "2618"]
[Annotator "Wedberg,T"]
[PlyCount "83"]
[EventDate "1999.11.06"]
[EventType "team-swiss"]
[EventRounds "9"]
[EventCountry "GEO"]
[SourceTitle "CBM 074"]
[Source "ChessBase"]
[SourceDate "2000.02.01"]
[SourceVersion "1"]
[SourceVersionDate "2000.02.01"]
[SourceQuality "1"]
[WhiteTeam "Bulgaria"]
[BlackTeam "Slovenia"]
[WhiteTeamCountry "BUL"]
[BlackTeamCountry "SLO"]

{[%mdl 1] An excellent game by Topalov against one of the most renowned
experts of the black side of the Ruy Lopez.} 1. e4 e5 2. Nf3 Nc6 3. Bb5 a6 4.
Ba4 Nf6 5. O-O b5 6. Bb3 Bb7 7. d3 Be7 8. Nc3 d6 9. a4 Na5 10. Ba2 b4 11. Ne2
c5 (11... O-O 12. c3 bxc3 13. bxc3 d5 14. Nxe5 dxe4 15. d4 c5 16. Ng3 cxd4 17.
cxd4 Bd5 18. Nf5 Re8 19. Bg5 $36 {1-0 Dvoirys,S-Polovodin,I/St. Petersburg
1998/CBM 67 ext (61)}) 12. Ng3 O-O (12... Bc8 13. Nh4 O-O 14. Ngf5 (14. Nhf5)
14... Ne8 15. Bd5 Rb8 16. Nxe7+ Qxe7 17. Qh5 Be6 18. Nf5 Qd7 19. Bg5 f6 20.
Bxe6+ Qxe6 $11 {1-0 Jedryczka,K-Nurkiewicz,M/Czestochowa 1998/EXT 2000 (38)})
13. Bd2 {This is quite an important move in this line. The idea is to always
be ready for Bxa5 when Black tries b3.} Rb8 14. Nf5 Bc8 15. N3h4 Be6 16. Qf3
Ne8 17. Nxe7+ (17. Bxe6 fxe6 18. Nxe7+ Qxe7 19. Qh3 Nc6 20. c3 bxc3 21. bxc3
Rb2 $11 {1-0 Galdunts,S-Michalczak,T/Schwaebisch Gmuend 1995/CBM 45 ext (25)})
17... Qxe7 18. Nf5 Qd7 19. Qg4 Kh8 (19... b3 20. Bxa5 bxa2 21. b3 $16) 20. f4
$40 {[%mdl 4] Topalovs handling of this position is a nice model for the White
side in this anti-arkhangel. Seemingly without effort he gets a strong attack
on the K-side.} Nc6 (20... g6 21. Bxe6 fxe6 22. Nh4 $16) 21. fxe5 Nxe5 22. Qg3
Bxa2 23. Rxa2 b3 {Black finally manages to get b3 in, but it turns out to be a
hollow victory, since White gets a new strong post for his B on c3.} 24. cxb3
Rxb3 25. Bc3 $16 f6 26. Raa1 Nc7 27. d4 $1 cxd4 28. Nxd4 Rbb8 29. Nf5 g6 {
Weakening everything, but the N was difficult to stand on f5, attacking both
d6 and g7.} 30. Ne3 Rf7 31. Rad1 Qc6 32. h3 Re8 33. Qh4 Kg7 34. Kh1 Re6 35. Nd5
$1 Qxa4 36. Nf4 Re8 37. Rxd6 Qc4 38. Nh5+ $1 {The brilliant point of the
sequence leading up to this position.} gxh5 39. Rfxf6 $18 Nb5 (39... Kg8 40.
Bxe5 $18) 40. Qg5+ Kf8 41. Qh6+ Kg8 42. Bxe5 (42. Bxe5 Rxe5 43. Rd8+ $18) 1-0

[Event "ESP-chT Div 1"]
[Site "Cala Galdana"]
[Date "1999.11.12"]
[Round "5"]
[White "Spraggett, Kevin"]
[Black "Topalov, Veselin"]
[Result "0-1"]
[WhiteElo "2521"]
[BlackElo "2690"]
[PlyCount "100"]
[EventDate "1999.11.08"]
[EventType "team"]
[EventRounds "9"]
[EventCountry "ESP"]
[SourceTitle "EXT 2000"]
[Source "ChessBase"]
[SourceDate "1999.11.16"]
[SourceVersion "1"]
[SourceVersionDate "1999.11.16"]
[SourceQuality "1"]

1. e4 c5 2. Nf3 d6 3. c3 Nf6 4. h3 g6 5. Bd3 Bg7 6. Bc2 e5 7. d3 O-O 8. O-O Nc6
9. a3 a5 10. a4 d5 11. Na3 h6 12. exd5 Nxd5 13. Re1 b6 14. Bb3 Be6 15. Bc4 Qc7
16. Bd2 Rad8 17. Qb3 f5 18. Re2 Kh8 19. Rae1 g5 20. Qc2 Bf7 21. Qb3 Bf6 22. Nb5
Qb8 23. g4 Qc8 24. Nh2 h5 25. Bc1 Qd7 26. f3 Kg7 27. Na3 hxg4 28. hxg4 f4 29.
Nf1 Rh8 30. Rh2 Rxh2 31. Nxh2 Rh8 32. Re2 Nce7 33. Bb5 Qd8 34. Qd1 Rh3 35. Qf1
Rg3+ 36. Rg2 Ng6 37. Qe1 Nc7 38. Bc4 Bxc4 39. Nxc4 Qxd3 40. Nd2 Rxg2+ 41. Kxg2
Qc2 42. Nhf1 e4 43. Qxe4 Qxc1 44. Qc6 Be5 45. Qxb6 Qc2 46. Kg1 Qxa4 47. Qxc5
Qb5 48. Ne4 Qxb2 49. Qxa5 Nb5 50. Qb6 Kh6 0-1